000 01055cam a22003135i 4500
999 _c9523
_d9523
003 EG-ScBUE
005 20200108122750.0
008 190728t19661966nju f 001 0 eng d
020 _a0133417360
020 _a9780133417364
040 _aEG-ScBUE
_beng
_erda
_cEG-ScBUE
_dEG-ScBUE
082 0 4 _a808.066657
_bMAY
_222
100 1 _aMay, Claire B.,
_eauthor.
245 1 0 _aEffective writing :
_ba handbook for accountants /
_cClaire May, Ph.D., University of South Alabama, Gordon S. May, Ph.D., University of Georgia.
250 _aFourth edition.
264 1 _aUpper Saddle River, New Jersey :
_bPrentice-Hall International,
_c[1996]
264 4 _cc1996
300 _axiv, 240 pages ;
_c23 cm
336 _atext
_btxt
_2rdacontent
337 _aunmediated
_bn
_2rdamedia
338 _avolume
_bnc
_2rdacarrier
500 _aIncludes index.
650 7 _aBusiness report writing.
_2BUEsh
650 7 _aCommunication in accounting.
_2BUEsh
651 _2BUEsh
653 _bHHUUEENN
_bBUSADM
700 1 _aMay, Gordon S.,
_eauthor.
942 _cBB
_2ddc